Normal view
MARC view
- Hartshorne, N. H.
Entry Personal Name
001 - CONTROL NUMBER
- control field: 41837
003 - CONTROL NUMBER IDENTIFIER
- control field: DLC
005 - DATE AND TIME OF LATEST TRANSACTION
- control field: 20181029121333.0
008 - FIXED-LENGTH DATA ELEMENTS
- fixed length control field: 800609n| acannaab| |a aaa |||
010 ## - LIBRARY OF CONGRESS CONTROL NUMBER
- LC control number: n 50028360
040 ## - CATALOGING SOURCE
- Original cataloging agency: DLC
- Language of cataloging: eng
- Transcribing agency: DLC
- Modifying agency: EG-ScBUE
100 10 - HEADING--PERSONAL NAME
- Personal name: Hartshorne, N. H.
- Fuller form of name: (Norman Holt)
400 10 - SEE FROM TRACING--PERSONAL NAME
- Control subfield: nna
- Personal name: Hartshorne, Norman Holt
670 ## - SOURCE DATA FOUND
- Source citation: His Crystals and the polarising microscope, 1934.
670 ## - SOURCE DATA FOUND
- Source citation: LCCN 64-22307: His Practical optical crystallography, 1964
- Information found: (hdg.: Hartshorne, Norman Holt; usage: N.H. Hartshorne)